The UN's Role in Nation-Building: From the Congo to Iraq (Record no. 352734)
[ view plain ]
| 000 -LEADER | |
|---|---|
| fixed length control field | 00776nam a2200133Ia 4500 |
| 008 - FIXED-LENGTH DATA ELEMENTS--GENERAL INFORMATION | |
| fixed length control field | 171212s9999 xx 000 0 und d |
| 020 ## - INTERNATIONAL STANDARD BOOK NUMBER | |
| International Standard Book Number | 9780833035899 |
| 100 ## - MAIN ENTRY--PERSONAL NAME | |
| Personal name | Dobbins, James;Jones, Seth G.;Crane, Keith;Rathmell, Andrew;Steele, Brett |
| 245 ## - TITLE STATEMENT | |
| Statement of responsibility, etc | Dobbins, James;Jones, Seth G.;Crane, Keith;Rathmell, Andrew;Steele, Brett |
| Title | The UN's Role in Nation-Building: From the Congo to Iraq |
| 260 ## - PUBLICATION, DISTRIBUTION, ETC. (IMPRINT) | |
| Name of publisher, distributor, etc | RAND Corporation |
| Date of publication, distribution, etc | 2005 |
| 650 ## - SUBJECT ADDED ENTRY--TOPICAL TERM | |
| Topical term or geographic name as entry element | Democratization -- Case studies; United Nations -- Peacekeeping forces -- Case studies; United Nations -- Military policy -- Case studies; United Nations -- Economic assistance -- Case studies; United Nations -- Technical assistance -- Case studies; Peace |
| 650 ## - SUBJECT ADDED ENTRY--TOPICAL TERM | |
| Topical term or geographic name as entry element | Political Science |
| 856 ## - ELECTRONIC LOCATION AND ACCESS | |
| Uniform Resource Identifier | <a href="www.jstor.org/stable/10.7249/mg304rc">www.jstor.org/stable/10.7249/mg304rc</a> |
| Withdrawn status | Lost status | Damaged status | Home library | Current library | Date acquired | Total Checkouts | Full call number | Date last seen | Price effective from | Koha item type |
|---|---|---|---|---|---|---|---|---|---|---|
| College Library | College Library | 12/12/2017 | JZ4984.5.U534 2005 | 12/12/2017 | 12/12/2017 | Curriculum - Based eBooks |